[Event "Yvelines-ch"]
[Site "Fontenay le Fleury"]
[Date "2012.02.25"]
[Round "6"]
[White "Granger, Jacques"]
[Black "Ribour, Philippe"]
[Result "0-1"]
[WhiteElo "1660"]
[BlackElo "1560"]
[PlyCount "88"]
[EventDate "2012.02.18"]
[EventType "swiss"]
[EventRounds "7"]
[EventCountry "FRA"]
[SourceTitle "EXT 2013"]
[Source "ChessBase"]
[SourceDate "2012.11.22"]
[SourceVersion "1"]
[SourceVersionDate "2012.11.22"]
[SourceQuality "1"]

1. d4 Nf6 2. c4 d5 3. cxd5 e6 4. dxe6 Bxe6 5. Bg5 Be7 6. e3 0-0 7. Be2 c6 8. Nf3 Nbd7 9. 0-0 Nb6 10. Nc3 Bc4 11. Bxc4 Nxc4 12. Qb3 b5 13. a4 a6 14. axb5 cxb5 15. Rfd1 Nb6 16. Ne5 Nbd5 17. Nc6 Qd6 18. Nxe7+ Nxe7 19. Bf4 Qd7 20. e4 Qb7 21. d5 Rfd8 22. f3 Nd7 23. Be3 Nc8 24. Rac1 Nd6 25. Ne2 Ne5 26. Bf4 Ndc4 27. Bg3 Rac8 28. f4 Ng4 29. Bf2 Nxf2 30. Kxf2 Qb6+ 31. Kf3 Qf6 32. Qc3 Nxb2 33. Qxc8 Nxd1 34. Rc6 Qe7 35. Qxa6 b4 36. Rc8 Rxc8 37. Qxc8+ Qf8 38. Qc7 b3 39. Qc1 b2 40. Qb1 Qa3+ 41. Kg4 Ne3+ 42. Kh5 Qd6 43. Kh4 Qg6 44. h3 Nxg2# 0-1

[Event "Yvelines-ch"]
[Site "Fontenay le Fleury"]
[Date "2012.02.19"]
[Round "4"]
[White "Girod, Yves"]
[Black "Ribour, Philippe"]
[Result "1/2-1/2"]
[WhiteElo "1700"]
[BlackElo "1560"]
[PlyCount "103"]
[EventDate "2012.02.18"]
[EventType "swiss"]
[EventRounds "7"]
[EventCountry "FRA"]
[SourceTitle "EXT 2013"]
[Source "ChessBase"]
[SourceDate "2012.11.22"]
[SourceVersion "1"]
[SourceVersionDate "2012.11.22"]
[SourceQuality "1"]

1. e4 d6 2. Nf3 Nf6 3. Nc3 g6 4. d4 Bg7 5. h3 c6 6. Bd3 b5 7. d5 a6 8. Ng5 c5 9. Qf3 0-0 10. Qe3 Nbd7 11. 0-0 Ne5 12. Nf3 Nfd7 13. Rb1 Nxf3+ 14. Qxf3 Ne5 15. Qg3 Nxd3 16. Qxd3 f5 17. Ne2 fxe4 18. Qxe4 Bf5 19. Qe3 Bxc2 20. Ra1 c4 21. Nd4 Bd3 22. Ne6 Qc8 23. Re1 Rf5 24. Nxg7 Kxg7 25. Qxe7+ Kg8 26. Bh6 Rf7 27. Qxd6 Qf5 28. f3 Rd7 29. Qe6+ Qf7 30. Re3 Rxd5 31. Rae1 Qxe6 32. Rxe6 Rd7 33. Re7 Rad8 34. Bg7 h5 35. Bc3 Kf8 36. Bb4 Kg8 37. Rxd7 Rxd7 38. Re8+ Kf7 39. Ra8 Rd5 40. Rxa6 Re5 41. Ra7+ Ke8 42. Bc3 Rd5 43. a3 Rd7 44. Ra8+ Rd8 45. Rxd8+ Kxd8 46. h4 Ke7 47. Kf2 Ke6 48. g4 Bc2 49. Kg3 Bd1 50. Kf4 Be2 51. g5 Bd3 52. Ke3 1/2-1/2

[Event "Yvelines-ch"]
[Site "Fontenay le Fleury"]
[Date "2012.02.18"]
[Round "2"]
[White "Mongey, Alain"]
[Black "Ribour, Philippe"]
[Result "1/2-1/2"]
[WhiteElo "1698"]
[BlackElo "1560"]
[PlyCount "108"]
[EventDate "2012.02.18"]
[EventType "swiss"]
[EventRounds "7"]
[EventCountry "FRA"]
[SourceTitle "EXT 2013"]
[Source "ChessBase"]
[SourceDate "2012.11.22"]
[SourceVersion "1"]
[SourceVersionDate "2012.11.22"]
[SourceQuality "1"]

1. d4 Nf6 2. Bg5 g6 3. Nf3 Bg7 4. c4 d6 5. Nc3 e6 6. e4 0-0 7. Qd2 a6 8. Bh6 b5 9. Bxg7 Kxg7 10. b3 Nbd7 11. h4 b4 12. Ne2 c5 13. Ng3 Bb7 14. d5 Ng4 15. Bd3 e5 16. h5 Rh8 17. hxg6 hxg6 18. 0-0-0 Qe7 19. Rdf1 Rag8 20. Ne1 Bc8 21. f4 Rxh1 22. Rxh1 Rh8 23. Rxh8 Kxh8 24. Nf3 f6 25. Be2 Qh7 26. f5 g5 27. Qe1 Nh2 28. Qh1 Nxf3 29. Bxf3 Qxh1+ 30. Nxh1 a5 31. Bh5 Nf8 32. Nf2 Kg7 33. Ng4 Bd7 34. Kd2 Nh7 35. Bg6 Nf8 36. Bh5 Nh7 37. Ne3 Nf8 38. Nc2 a4 39. bxa4 Bxa4 40. Bd1 Bxc2 41. Kxc2 Nd7 42. Kb2 Nb6 43. Bb3 Kh6 44. g4 Kg7 45. a3 bxa3+ 46. Kxa3 Kf7 47. Kb2 Ke7 48. Ka3 Kd8 49. Kb2 Kc7 50. Ka3 Kb7 51. Kb2 Ka6 52. Kc3 Ka5 53. Bc2 Na4+ 54. Kb3 Nb6 1/2-1/2